Регионална библиотека "Любен Каравелов" - Русе

Икономика и планиране на хранителната промишленост (Запис номер 157167)

MARC детайли
000 -Лидер
Контролно поле с фиксирана дължина 01221nam a2200277 c 4500
003 - Код на организацията, давaща контролен номер
Контролно поле BLK
005 - Дата и час на последна редакция
Контролно поле 20180422113512.0
008 - Елементи от данни с фиксирана дължина
fixed length control field 180410b bul|||||r ||||||| ||bul||
010 ## - Наследен системен номер
LC control number KNG00164109000
040 ## - Източник на каталожния запис
Идентификатор на билиотеката - собственик на записа BLK
041 ## - Код за език
Код за езика на текст/звукозапис или на отделно заглавие Български
Код за езика КДБФ Български
080 ## - УДК
Текстов определител УДК Икономика на промишлеността. Промишлено производство
УДК код - определител по УДК 338.45
УДК определител :664(075.8)
УДК - код + определител 338.45:664(075.8)
100 1# - Редна дума - Автор
Автор Луканов, Камен Миланов
Авторска отговорност първи автор
R(LIN) 363723
139 ## - Редно поле
Редна дума Луканов, Камен Миланов
Авторски знак Лук - Л 86
245 10 - Сведения за заглавието
Заглавие Икономика и планиране на хранителната промишленост
Подзаглавни данни Учебник за студентите от ВИХВП - Пловдив
Редно поле (дума) Камен Миланов Луканов.
257 ## - Страна на издаване
Страна на създаване/издаване България
260 ## - Област на издателските данни
-- София
Име на издателя, разпространителя и проч. Земиздат
Година на издаване 1988
Печатница Пловдив : Д. Благоев
300 ## - Физическа характеристика
Страници 179 с.
Илюстрации и др. с табл., диагр.
Размери/Мащаб 24 см
380 ## - Жанр
Жанр Обществени науки
500 ## - Общи забележки
Забележка 2 084 тир.
852 ## - Местоположение
Форматна сигнатура Цб 153187
856 4# - Електронен адрес и достъп
Електронен формат pdf - файл
Път до файла /url/
856 4# - Електронен адрес и достъп
Електронен формат pdf - файл
Път до файла /url/
942 ## - АРТИКУЛИ
Вид на библиотечния материал Книги
Скрит в OPAC Не
944 ## - СЪЗДАВАНЕ И РЕДАКЦИЯ на ЗАПИСА
Създаване/Редакция Създаване
Дата на регистрацията/редакция 19.08.2014
Статус, дата на статуса 19.08.2014 - от С1,Р / 19.08.2014
Служител, извършил регистрацията/редакцията Любка_Николова
944 ## - СЪЗДАВАНЕ И РЕДАКЦИЯ на ЗАПИСА
Създаване/Редакция Редакция
Дата на регистрацията/редакция 19.08.2014
Статус, дата на статуса 19.08.2014 - от С1,Р / 19.08.2014
Служител, извършил регистрацията/редакцията
999 ## - СИСТЕМНИ КОНТРОЛНИ НОМЕРА
Koha biblionumber 157167
Koha biblioitemnumber 157167
Наличности
Код за отписване Код за изгубен артикул Източник на класификационната схема Код за повреда Коз за рестрикции Код за отдаване Артикулен № Име на библиотеката - собственик Име на библиотеката, в която се намира в момента Статус (Текущо местоположение) Дата на вписване в системата Местоположение - отдел Цена в лева Инвентарен номер Систематично азбучна сигнатура Баркод Номер на екземпляра Цена в евро Служебна бележка Служебен тип на артикула
  Не е изгубен Universal Decimal Classification Не е повреден без рестрикции ползва се в читалня 263263 Регионална библиотека "Любен Каравелов" Русе Регионална библиотека "Любен Каравелов" Русе Хранилище 1988-01-01 Хранилище 0.94 501266 Цб 153187 120000501266 1 0.48 N: стар фонд Дата: 01.01.1988 Книги
Изтеглен Не е изгубен Universal Decimal Classification Не е повреден без рестрикции заемане за дома 263264 Регионална библиотека "Любен Каравелов" Русе Регионална библиотека "Любен Каравелов" Русе Заемна - подръчен фонд 1988-01-01 Заемна - подръчен фонд 0.94 501987 П 338.4/Л 86 501987 2 0.48 N: стар фонд Дата: 01.01.1988 Дата инв: 05.02.2018 Бележки инв: П2018 Книги
Vip Innovations Ltd, Rousse, Bulgaria 2025